Analyzing English: an introduction to descriptive linguistics
Uloženo v:
| Hlavní autor: | |
|---|---|
| Médium: | Kniha |
| Jazyk: | angličtina |
| Vydáno: |
Oxford
Pergamon Press
1982
|
| Vydání: | 2a. ed |
| Edice: | language Courses
|
| Témata: | |
| Tagy: |
Přidat tag
Žádné tagy, Buďte první, kdo vytvoří štítek k tomuto záznamu!
|
MARC
| LEADER | 00000cam a2200000 a 4500 | ||
|---|---|---|---|
| 001 | UCF5973 | ||
| 003 | CL-VaPUC | ||
| 008 | 130404e19820000UK |||||||||||||||||eng|d | ||
| 020 | |a 0080286674 | ||
| 082 | 0 | 4 | |a 428 |b JAC |2 21 |
| 100 | |a Jackson, Howard |e author |9 586948 | ||
| 245 | 1 | 0 | |a Analyzing English: an introduction to descriptive linguistics |
| 250 | |a 2a. ed | ||
| 300 | |a 155 p | ||
| 942 | |c BK | ||
| 945 | |d 20130404 00:00:00 |a dcastane | ||
| 260 | |a Oxford |b Pergamon Press |c 1982 | ||
| 650 | 7 | |a LINGUISTICA DESCRIPTIVA |2 CL-VaPUC |9 568012 | |
| 650 | 0 | |a Lingüística aplicada |9 313266 | |
| 650 | 0 | |a Lengua inglesa |9 318842 | |
| 583 | |a last modification |c 20130404 09:53:00 |k Rodrigo Vera | ||
| 490 | 0 | |a language Courses | |
| 999 | |c 351366 |d 351364 | ||
| 952 | |0 0 |1 0 |4 0 |6 428_000000000000000_JAC_1982 |7 0 |8 P |9 455415 |a BIBEDU |b BIBEDU |c BIBEDU_PB |d 2019-11-22 |i 4809785 |o 428 JAC 1982 |p 4809785 |r 2024-01-25 |w 2019-11-22 |y BK |k LIT | ||